| 000 | 00828nam a2200253Ia 4500 | ||
|---|---|---|---|
| 003 | OSt | ||
| 005 | 20221005051247.0 | ||
| 006 | a|||||r|||| 00| 0 | ||
| 007 | ta | ||
| 008 | 221004b |||||||| |||| 00| 0 eng d | ||
| 020 |
_a0340646209 _c1414.41 |
||
| 024 | _a83076 | ||
| 037 |
_b198, 30/03/2005, Ideal Book Publishers & Distributors _cTextual |
||
| 040 |
_aCRL _cCRL _beng |
||
| 041 |
_2eng _aeng |
||
| 082 | _aO11191N48xN, N6 | ||
| 100 | _aThieme John Ed. | ||
| 245 | 0 | _aArnold anthology of post colonial literatures in English edited by John Thieme | |
| 260 |
_aLondon _bArnold U. K. _c2000 |
||
| 300 |
_a936p. _ccm. |
||
| 650 | _aENGLISH LITERATURE | ||
| 942 |
_hO11191N48xN, N6 _cTEXL _2cc |
||
| 999 |
_c958489 _d958489 |
||